00929nam a22002531a 45000010005000000030008000050050017000130080041000300350018000710400032000890410008001210820025001291000034001542450104001882600057002923000024003495040020003735040032003936500040004256500041004659420012005069990015005189520142005335782BD-RjUL20211208234127.0140107r19671951mau b 001 0 eng d a(BD-RjUL)5821 aNUNbengcNUNdNUNdBD-RjUL aeng04a331.881135bGOL 19671 aGodine, Morton Robert.91815714aThe labor problem in the public service :ba study in political pluralism.cby Morton Robert Godine aCamb., Mass. :bHarvard U.P.,c1951 [reissued 1967]. axii, 305 p.c24 cm. aIncludes index. aBibliography: p. [289]-301. 0aLabor unionszUnited States.918159 0aCivil servicezUnited States.916394 2ddccBK c5782d5782 00102ddc40718NFICaRUCLbRUCLcreadingd1985-09-19eAsia foundationl0o331.881135 GOL 1967r2014-01-07 00:00:00tC-1w2021-12-08yBK